000 00618nam a22001937a 4500
005 20150106170024.0
010 _aENG-111506
020 _a9788174878472
_c495.00
035 _aEN-95038
037 _bDBAD/PUB
082 _a954.0359
100 _aSushil Kumar
245 _aQuit India Movement :
_cby Sushil Kumar
_ba case study of Meerut district (U.P.) /
260 _aNew Delhi
_bRadha Publications
_c2014
270 _a4231/1,Ansari Road,Daryaganj
_bNew Delhi
_e110002
300 _a161p. :
_bill.
_c22cm(Hb)
500 _aIncludes bibliographical references
942 _2ddc
_cEN
_mSUS
_h954.0359
999 _c90565
_d90565